LEADER 01047nam 2200373 450 001 9910586648503321 005 20221018181437.0 010 $a1-83968-654-5 035 $a(CKB)4950000000722044 035 $a(NjHacI)994950000000722044 035 $a(EXLCZ)994950000000722044 100 $a20221018d2022 uy 0 101 0 $aeng 135 $aur||||||||||| 181 $ctxt$2rdacontent 182 $cc$2rdamedia 183 $acr$2rdacarrier 200 00$aDemyelination disorders /$fedited by Stavros J. Baloyannis, Fabian H. Rossi, Welwin Liu 210 1$aLondon, England :$cIntechOpen,$d[2022] 210 4$dİ2022 215 $a1 online resource (182 pages) 311 $a1-83968-653-7 606 $aDemyelination 615 0$aDemyelination. 676 $a616.83 702 $aBaloyannis$b Stavros J. 702 $aRossi$b Fabian H. 702 $aLiu$b Welwin 801 0$bNjHacI 801 1$bNjHacl 906 $aBOOK 912 $a9910586648503321 996 $aDemyelination Disorders$92903161 997 $aUNINA LEADER 01265nam0 2200289 i 450 001 VAN0037107 005 20220405014704.312 010 $a08-493-7373-5 100 $a20050614d1994 |0itac50 ba 101 $aeng 102 $aGB 105 $a|||| ||||| 200 1 $aComputational mathematics in engineering and applied science$eODEs, DAEs, and PDEs$fWilliam E. Schiesser 210 $aBoca Raton$aLondon$cCRC$d1994 215 $aVIII, 587 p.$cill.$d26 cm 500 1$3VAN0244317$aComputational mathematics in engineering and applied science$934039 620 $aUS$dBoca Raton$3VANL000070 676 $a515.350285$v21 700 1$aSchiesser$bW. E.$3VANV030957$0506133 712 $aCRC$3VANV108066$4650 801 $aIT$bSOL$c20221125$gRICA 856 4 $uhttps://books.google.it/books?id=Yss2GHIGGGgC&printsec=frontcover&hl=it$zhttps://books.google.it/books?id=Yss2GHIGGGgC&printsec=frontcover&hl=it 899 $aBIBLIOTECA DEL DIPARTIMENTO DI INGEGNERIA$1IT-CE0100$2VAN05 912 $aVAN0037107 950 $aBIBLIOTECA DEL DIPARTIMENTO DI INGEGNERIA$d05PREST D 473 $e05 3721 20050614 996 $aComputational mathematics in engineering and applied science$934039 997 $aUNISOB